000
00264nam a2200109Ia 4500
008
231212s1984 xx 000 0 und d
041
_a
eng
082
_a
621.381
100
_a
Bharagava M.N.
245
_a
Basic Electronics And
260
_a
New Delhi
_b
Tata Mc
_c
1984
999
_c
959180
_d
959180